Największe miasta Niemiec - Statystyki

Ogólne statystyki
  • Ten quiz został rozwiązany 187 razy
  • Średni wynik to 7 z 10
Statystyki odpowiedzi
Populacja Miasto % Poprawnych
3 750 000 Berlin
100%
1 488 000 Monachium
93%
1 845 000 Hamburg
92%
1 083 000 Kolonia
82%
598 000 Dortmund
78%
588 000 Lipsk
69%
630 000 Stuttgart
63%
620 050 Dusseldorf
56%
763 000 Frankfurt nad Menem
51%
582 000 Essen
36%
Nie znaleziono quizów pasujących do podanych kryteriów
Rozkład punktacji
Procent ludzi z każdym wynikiem
Percentyl według liczby udzielonych odpowiedzi
Twoja historia wyników
Nie rozwiązałeś tego quizu